Kisho Kurokawa = Laws of the future

保存先:
書誌詳細
フォーマット: 図書
言語:Undetermined
出版事項: Japan 1970
主題:
タグ: タグ追加
タグなし, このレコードへの初めてのタグを付けませんか!
Thư viện lưu trữ: Trung tâm Học liệu Trường Đại học Cần Thơ
LEADER 00461nam a2200157Ia 4500
001 CTU_104673
008 210402s9999 xx 000 0 und d
082 |a 303.49 
082 |b K97 
245 0 |a Kisho Kurokawa = 
245 0 |b Laws of the future 
260 |a Japan 
260 |c 1970 
650 |a Social change,Future life,Thay đổi xã hội,Cuộc sống tương lai 
904 |i Minh 
980 |a Trung tâm Học liệu Trường Đại học Cần Thơ